Matthew McConaughey Films - Statistics

General Stats
  • This quiz has been taken 121 times
  • The average score is 9 of 19
Answer Stats
Hint Answer % Correct
In 1985 Dallas, electrician and hustler Ron Woodroof works around the system to help AIDS patients get the medication they need after he is himself diagnosed with the disease. Dallas Buyers Club
87%
A team of explorers travel through a wormhole in an attempt to find a potentially habitable planet that will sustain humanity. Interstellar
83%
A male stripper teaches a younger performer how to party, pick up women, and make easy money. Magic Mike
79%
Based on the true story of Jordan Belfort, from his rise to a wealthy stock-broker living the high life to his fall involving crime, corruption and the federal government. The Wolf of Wall Street
75%
Benjamin Barry is an advertising executive and ladies' man who, to win a big campaign, bets that he can make a woman fall in love with him in 10 days. Andie Anderson covers the "How To" beat for "Composure" magazine and is assigned to write an article on.... How to Lose a Guy in 10 Days
57%
It's the last day of school at a high school in a small town in Texas in 1976. The upperclassmen are hazing the incoming freshmen, and everyone is trying to get stoned, drunk, or laid, even the football players that signed a pledge not to. Dazed and Confused
56%
A defense attorney has a crisis of conscience when he represents a wealthy client who has a foolproof plan to beat the system. The Lincoln Lawyer
56%
Two young boys encounter a fugitive and form a pact to help him evade the vigilantes that are on his trail and to reunite him with his true love. Mud
54%
When a plane crash claims the lives of members of the Marshall University football team and some of its fans, the team's new coach and his surviving players try to keep the football program alive. We Are Marshall
48%
A young lawyer defends a black man accused of murdering two men who raped his 10-year-old daughter, sparking a rebirth of the K.K.K. A Time to Kill
44%
Mary Fiore is San Francisco's most successful supplier of romance and glamour when it comes to weddings. She knows all the tricks. She knows all the rules. But then she breaks the most important rule of all: she falls in love with the groom. The Wedding Planner
44%
A new clue to the whereabouts of a lost treasure rekindles a married couple's sense of adventure -- and their estranged romance. Fool's Gold
43%
Master explorer Dirk Pitt goes on the adventure of a lifetime of seeking out a lost Civil War battleship known as the "Ship of Death" in the deserts of West Africa while helping a WHO doctor being hounded by a ruthless dictator. Sahara
32%
About a 1839 mutiny aboard a slave ship named Amistad that is travelling towards the north-eastern coast of America. Much of the story involves a court-room drama about the free man who led the revolt. Amistad
31%
A brood of fire-breathing dragons emerges from the earth and begins setting fire to everything, establishing dominance over the planet. Reign of Fire
28%
A video store clerk agrees to have his life filmed by a camera crew for a television show. edtv
19%
When a debt puts a young man's life in danger, he turns to putting a hit out on his evil mother in order to collect the insurance. Killer Joe
19%
After suffering a career-ending injury, a former college football star aligns himself with one of the most renowned touts in the sports-gambling business. Two for the Money
14%
A man confesses to an FBI agent his family's story of how his religious fanatic father's visions lead to a series of murders to destroy supposed "demons." Frailty
13%
No matching quizzes found
Score Distribution
Percent of People with Each Score
Percentile by Number Answered
Your Score History
You have not taken this quiz